Výzkum pozice vybraných konkurenčních značek

Vymedzenie pojmu značka. Definície značky a jej prvky. Prístupy k hodnoteniu značky. Branding. Prieskum vybraných značiek v Českej republike.

Uložené v:
Podrobná bibliografia
Hlavný autor: Jandová, Lucie
Ďalší autori: Eger, Ludvík
Médium: Kapitola
Jazyk:Czech
Predmet:
Tagy: Pridať tag
Žiadne tagy, Buďte prvý, kto otaguje tento záznam!

MARC

LEADER 00000nla a2200000 4500
001 0227620
005 20240417075111.6
041 0 |a cze 
044 |a CZ 
245 1 0 |a Výzkum pozice vybraných konkurenčních značek  |c Lucie Jandová, Ludvík Eger 
520 |a Vymedzenie pojmu značka. Definície značky a jej prvky. Prístupy k hodnoteniu značky. Branding. Prieskum vybraných značiek v Českej republike. 
610 2 0 |a prieskum trhu 
610 2 0 |a značky 
610 2 0 |a hodnota 
610 2 0 |a kvalita 
610 2 0 |a Česko 
610 2 0 |a stratégia marketingová 
100 1 |a Jandová, Lucie 
700 1 |a Eger, Ludvík